पंजाबी संगीतकार / (Record no. 119393)

MARC details
000 -LEADER
fixed length control field 01107nam a22002657a 4500
005 - DATE AND TIME OF LATEST TRANSACTION
control field 20170124103133.0
010 ## - LIBRARY OF CONGRESS CONTROL NUMBER
LC control number B-178575
020 ## - INTERNATIONAL STANDARD BOOK NUMBER
Terms of availability 220.00
International Standard Book Number 8173808880
035 ## - SYSTEM CONTROL NUMBER
System control number B-178575
037 ## - SOURCE OF ACQUISITION
Source of stock number/acquisition Cen Lib/Ret
040 ## - CATALOGING SOURCE
Original cataloging agency DPL
Language of cataloging HN
082 ## - DEWEY DECIMAL CLASSIFICATION NUMBER
Classification number 780.92
Item number गुरना
100 ## - MAIN ENTRY--PERSONAL NAME
Personal name गुरनाम सिंह
9 (RLIN) 84672
245 ## - TITLE STATEMENT
Title पंजाबी संगीतकार /
Statement of responsibility, etc गुरनाम सिंह
246 ## - VARYING FORM OF TITLE
Title proper/short title Punjabi sangeetkar /
Remainder of title by Gurnam Singh
260 ## - PUBLICATION, DISTRIBUTION, ETC. (IMPRINT)
Place of publication, distribution, etc पटियाला
Name of publisher, distributor, etc पब्लिकेशन ब्यूरो
Date of publication, distribution, etc 2004
270 ## - ADDRESS
City पटियाला
Address पंजाब यूनिवेर्सिटी
300 ## - PHYSICAL DESCRIPTION
Extent xiv,204पृ.
Dimensions 20सेमी(सजिल्द )
500 ## - GENERAL NOTE
General note सन्दर्भ सूची एवं परिशिष्ट शामिल
650 ## - SUBJECT ADDED ENTRY--TOPICAL TERM
Topical term or geographic name as entry element संगीतकार--पंजाबी
General subdivision
Geographic subdivision
9 (RLIN) 84673
650 ## - SUBJECT ADDED ENTRY--TOPICAL TERM
Topical term or geographic name as entry element संगीत-भारत
9 (RLIN) 84674
650 ## - SUBJECT ADDED ENTRY--TOPICAL TERM
Topical term or geographic name as entry element Musicians - Punjabi
9 (RLIN) 84675
650 ## - SUBJECT ADDED ENTRY--TOPICAL TERM
Topical term or geographic name as entry element Music-India
9 (RLIN) 83833
942 ## - ADDED ENTRY ELEMENTS (KOHA)
Source of classification or shelving scheme Dewey Decimal Classification
Koha item type Hindi Books
Classification part 780.92
Call number suffix गुरना
Holdings
Withdrawn status Lost status Damaged status Not for loan Home library Current library Date acquired Source of acquisition Cost, normal purchase price Total Checkouts Full call number Barcode Date last seen Copy number Cost, replacement price Price effective from Koha item type
        Central Library Central Library 16/09/2015 Cen Lib/Ref 220.00   780.92 गुरना B-178575 16/09/2015 1 220.00 16/09/2015 Hindi Books

© Delhi Public Library
Hit Counter
free hit counter